000
00324nam a22001457a 4500
008
210310b ||||| |||| 00| 0 eng d
020
_a
0256036225
041
_a
eng
080
_a
334.7
082
_a
334.7
100
_a
55
101
_a
MF
245
_a
Foundations of Financial Management
_c
Block,B.S
942
_2
udc
_c
BK
999
_c
56262
_d
56262